000 00632nam a2200205Ia 4500
005 20260114154835.0
008 008 250103s9999 xx 000 0 eng d
037 _aTheses
040 _aARTS
_beng
_cARTS
041 _aeng
_2eng
084 _qARTS
100 _aSharma Deepak Au.
_9866876
245 0 _aPublic Participation in the Criminal Justice System for Prevention and Control of Crime: A Comparative Study
260 _aDelhi
_bUniversity of Delhi. Faculty of Law. Deptt of Law
_c2022
300 _a318
650 _aLaw
_9866877
700 _a Misra Siddhartha Gu.
_9866878
942 _cTH
999 _c1468627
_d1468627